00399 2200157 4500001002100000005001500021035002000036245007600056100001800132300001200150260003300162082000800195084001400203990001200217990001200229INLIS00000000000181420250506113304 a0010-05250001061 aPenyembuhan Alami Dengan Herbal dan Pijat Refleksi /cMB. Rahimsyah A.R0 aRahimsyah AR. a128 hlm aSurabaya :bDua Media,c2012 a600 a600 RAH p a0754742 a0754743